000
00335nam a2200145Ia 4500
008
150201s2009 xx 000 0 und d
082
_a
611
_b
M2009P
100
_a
PAL.GP
245
_a
MEDICAL GENETICS FOR DENTAL STUDENTS
250
_a
1ST
260
_b
AITBS
_a
DELHI
_c
2009
300
_a
1-140
650
_a
ANATOMY
942
_2
ddc
_c
BK
999
_c
4511
_d
4511